Berthold Sigismund's Ausgewählte Schriften / (Record no. 165341)

MARC details
000 -LEADER
campo de control de longitud fija 01036nam a22002415i 4500
001 - NÚMERO DE CONTROL
campo de control 165341
003 - IDENTIFICADOR DE NÚMERO DE CONTROL
campo de control ES-MaACL
005 - FECHA Y HORA DE LA ÚLTIMA TRANSACCIÓN
campo de control 20250828004911.0
008 - DATOS DE LONGITUD FIJA--INFORMACIÓN GENERAL
campo de control de longitud fija 050819s1900 gw a | |||||||| ||ger d
040 ## - FUENTE DE CATALOGACIÓN
Centro catalogador/agencia de origen CAM
Lengua de catalogación spa
Centro/agencia transcriptor CAM
100 1# - ENTRADA PRINCIPAL--NOMBRE DE PERSONA
Nombre de persona Sigismund, Berthold.
9 (RLIN) 132723
245 10 - MENCIÓN DEL TÍTULO
Título Berthold Sigismund's Ausgewählte Schriften /
Mención de responsabilidad, etc. herausgegeben ... von Dr. Karl Markscheffel.
260 ## - PUBLICACIÓN, DISTRIBUCIÓN, ETC.
Lugar de publicación, distribución, etc. Langensalza :
Nombre del editor, distribuidor, etc. Hermann Beyer & Söhne,
Fecha de publicación, distribución, etc. 1900.
300 ## - DESCRIPCIÓN FÍSICA
Extensión L, 496 p. :
Otras características físicas il. ;
Dimensiones 21 cm.
490 1# - MENCIÓN DE SERIE
Mención de serie Bibliothek Pädagogischer Klassiker / ... herausgegeben von Friedrich Mann ;
Designación de volumen o secuencia 39
598 ## - NOTA LOCAL
Nota local Tit. de la serie consta en port. enfrentada y el nº de la serie consta en la cub. original.
650 #7 - PUNTO DE ACCESO ADICIONAL DE MATERIA--TÉRMINO DE MATERIA
Término de materia o nombre geográfico como elemento de entrada Pedagogía
Fuente del encabezamiento o término embne
9 (RLIN) 15904
700 1# - ENTRADA AGREGADA--NOMBRE PERSONAL
Nombre de persona Markscheffel, Karl,
Término indicativo de función/relación
9 (RLIN) 129513
752 ## - ENTRADA AGREGADA--NOMBRE JERÁRQUICO DEL LUGAR
País o entidad superior Alemania -
Ciudad Langensalza
830 0# - PUNTO DE ACCESO ADICIONAL DE SERIE-TÍTULO UNIFORME
Título uniforme Bibliothek Pädagogischer Klassiker / ... herausgegeben von Friedrich Mann ;
Designación de volumen o secuencia 39
9 (RLIN) 188307
852 ## - LOCALIZACIÓN
Ubicación ES-MaACL
Número de control de estantería G-15191
Nota libre -- Enc. hol. conservando la cub. original
Holdings
Estatus retirado Estado de pérdida Estado de daño No para préstamo Colección Biblioteca de origen Biblioteca actual Ubicación en estantería Fecha de adquisición Fuente de adquisición Total de préstamos Signatura topográfica completa Código de barras Visto por última vez Precio de reemplazo Tipo de ítem Koha
        Libros del s. XIX Biblioteca del Ateneo de Madrid Biblioteca del Ateneo de Madrid Sala Pecera Planta 3 17/01/2008     G-15191 1173376 23/02/2023 23/02/2023 Libro impreso antiguo